| 000 | 00902nas a2200301 4500 | ||
|---|---|---|---|
| 001 | BR8301186 | ||
| 003 | BR-BrBNA | ||
| 005 | 20231205085452.0 | ||
| 007 | ta | ||
| 008 | 230509b bl.|||p| |||| 00| 00por d | ||
| 040 |
_aBR-BrBNA _bpor _cBiblioteca Nacional de Agricultura |
||
| 041 | _a(Pt) | ||
| 072 | _aQ10 | ||
| 100 | 1 | _aRossi, S.J. | |
| 100 | 1 | _aFioreze, R. | |
| 100 | 1 | _aOliveira, A.M.C. de | |
| 100 | 1 | _aMalzac, H.F. | |
| 245 | 1 | _aPropriedades termicas de castanha do caju e raspas de mandioca | |
| 246 | 1 | _a[Thermal properties of cashew nut and cassava cuts] | |
| 650 | _aCASTANHA DE CAJU | ||
| 650 | _aRASPA | ||
| 650 | _aMANDIOCA | ||
| 650 | _aANALISE FISICA | ||
| 650 | _aTEMPERATURA | ||
| 773 | 0 |
_tRevista Brasileira de Armazenamento (Brazil) _xISSN 0100-3518 _g(Jun 1982), v. 7(1) p. 51-56 _wBR8301186 |
|
| 909 |
_a202311 _bLúcia _c55 _dLúcia Elande |
||
| 942 |
_2AGRIS _n0 _cANA |
||
| 999 |
_c111624 _d111624 |
||